1868 1253 1581 1836 1304 1162 1924 1395 1845 1964 1300 1978 1830 1802 1712 1244 1725 1882 1359 1573 1644 1263 1719 1071 1181 1520 1450 1225 1856 1221 1843 1148 1963 1874 1747 1987 1182 1957 1908 1463 1062 1570 1480 1793 1823 1904 1479 1232 1081 1765 1553 1217 1000 1635 1201 1997 1081 1777 1362 1898 1584 1851 1854 1505 1189 1763 1019 1477 1153 1928 1211 1619 1491 1855 1967 1037 1553 1613 1972 1341 1387 1904 1083 1427 1492 1592 1278 1996 1608 1622 1602 1124 1548 1562 1856 1681 1006 1649 1964 BCNSPRNW ULIB Ver.6.0+V

เปลี่ยนเป็นภาษาไทย

Change to English
 แสดงรายละเอียดบรรณานุกรม
  กลับหน้าหลัก

Brief Record : Get Marc (ISO 2709) : E-mail record : QR code < ปิดหน้าต่าง
LEADER : 00000nam 2200000uu 4500
001    13399126641
003     ULIB
008    190130s2561||||th 000 0 tha d
020    ^a9786117089046
060 04 ^aWY100^bพ282ก
100 0  ^aพรศิริ พันธสี
245 10 ^aกระบวนการพยาบาล & แบบแผนสุขภาพ :^bการประยุกต์ใช้ทางคลินิก=^bNursing process & functional health pattern : application in clinical practice /^cพรศิริ พันธสี
246 31 ^aNursing process & functional health pattern : applicationin clinical practice
250    ^aพิมพ์ครั้งที่ 21
260    ^aกรุงเทพฯ :^bพิมพ์อักษร,^c2561
300    ^aก-ฎ, 334 หน้า ;^c26 ซม.
650  7 ^aกระบวนการพยาบาล
650  7 ^aการพยาบาล, การวินิจฉัย
650  7 ^aสุขภาพ
650  7 ^aการพยาบาล
945    ^p220^l0^i26891
945    ^p220^l0^i26890
945    ^p220^l0^i26889
945    ^p220^l0^i26888
945    ^p220^l0^i26887
945    ^p220^l0^i26892
995    ^aกัณชพร
999    ^aกัณชพร จุลอักษร
รายการนี้ยังไม่มีแท็ก
คุณยังไม่ได้ล็อกอิน คุณสามารถมีกิจกรรมร่วมกับเว็บไซต์ได้ แต่ต้องล็อกอินก่อน ::
  ล็อกอิน

รายการสื่อสารสนเทศ

ลำดับที่ ประเภท เลขเรียก/บาร์โค้ด สถานที่ สถานะ
1. หนังสือสำรอง
หนังสือสำรอง
WY100 พ282ก ฉ.1 
  Barcode: 26887
ห้องสมุดวิทยาเขตนครสวรรค์
►หนังสือทั่วไป:l:General Books
บนชั้น
2. วิทยาศาสตร์การแพทย์ และสุขภาพ
วิทยาศาสตร์การแพทย์ และสุขภาพ
WY100 พ282ก ฉ.2 
  Barcode: 26888
ห้องสมุดวิทยาเขตนครสวรรค์
►หนังสือทั่วไป:l:General Books
บนชั้น
3. วิทยาศาสตร์การแพทย์ และสุขภาพ
วิทยาศาสตร์การแพทย์ และสุขภาพ
WY100 พ282ก ฉ.3 
  Barcode: 26889
ห้องสมุดวิทยาเขตนครสวรรค์
►หนังสือทั่วไป:l:General Books
บนชั้น
4. วิทยาศาสตร์การแพทย์ และสุขภาพ
วิทยาศาสตร์การแพทย์ และสุขภาพ
WY100 พ282ก ฉ.4 
  Barcode: 26890
ห้องสมุดวิทยาเขตนครสวรรค์
►หนังสือทั่วไป:l:General Books
บนชั้น
5. วิทยาศาสตร์การแพทย์ และสุขภาพ
วิทยาศาสตร์การแพทย์ และสุขภาพ
WY100 พ282ก ฉ.5 
  Barcode: 26891
ห้องสมุดวิทยาเขตนครสวรรค์
►หนังสือทั่วไป:l:General Books
บนชั้น
6. วิทยาศาสตร์การแพทย์ และสุขภาพ
วิทยาศาสตร์การแพทย์ และสุขภาพ
WY100 พ282ก ฉ.6 
  Barcode: 26892
ห้องสมุดวิทยาเขตนครสวรรค์
►หนังสือทั่วไป:l:General Books
บนชั้น

รายการใกล้เคียง
    ผู้แต่ง [พรศิริ พันธสี]

    หัวเรื่อง [กระบวนการพยาบาล]
    หัวเรื่อง [การพยาบาล, การวินิจฉัย]
    หัวเรื่อง [สุขภาพ]
    หัวเรื่อง [การพยาบาล]

BibComment


ยังไม่เคยถูกคอมเมนท์

คอมเมนท์ทรัพยากรรายการนี้
  คอมเมนท์: กระบวนการพยาบาล ..


 Copyright 2026. Bcnsprnw @Library